[Event "Olympiad-36"]
[Site "Mallorca"]
[Date "2004.10.27"]
[Round "12"]
[White "Mitkov, Nikola"]
[Black "Van Wely, Loek"]
[Result "1/2-1/2"]
[WhiteElo "2539"]
[BlackElo "2681"]
[Annotator "Roiz,M"]
[PlyCount "46"]
[EventDate "2004.10.15"]
[EventType "team-swiss"]
[EventRounds "14"]
[EventCountry "ESP"]
[SourceTitle "CBM 104"]
[Source "ChessBase"]
[SourceDate "2005.01.27"]
[SourceVersion "1"]
[SourceVersionDate "2005.01.27"]
[SourceQuality "1"]
[WhiteTeam "Macedonia"]
[BlackTeam "Netherlands"]
[WhiteTeamCountry "MKD"]
[BlackTeamCountry "NED"]

1. e4 c5 2. Nc3 Nc6 3. Nf3 Nf6 4. Bb5 Qc7 5. O-O Nd4 6. d3 {Nowdays black is
usually doing well in the main line 6.Re1 a6 7.Bf1 e5 (or 7...Ng4). That's why
white is looking for new attempts to fight for an advantage.} a6 (6... e6 7.
Nxd4 cxd4 8. Ne2 Bc5 9. Bf4 Qb6 (9... e5 10. Bg5 Be7 11. Bxf6 Bxf6 12. Bc4 $14)
10. Bc4 $14) (6... Nxb5 7. Nxb5 Qc6 8. c4 a6 9. Nc3 e6 10. e5 Ng8 11. Re1 b6
12. Ne4 Bb7 13. Bf4 Qc7 14. d4 cxd4 15. Qxd4 $14 {1/2-1/2 Geller,J-Maletin,P/
Sochi RUS 2004/The Week in Chess 495 (62)}) (6... Ng4 7. g3 Nxf3+ 8. Qxf3 Ne5
9. Qg2 Nc6 10. Nd5 Qd8 11. Bf4 e5 12. Be3 a6 13. Bc4 d6 14. f4 $36 {1-0 Shirov,
A-Zhang Pengxiang/Bastia FRA 2004/The Week in Chess 522 (46)}) 7. Bc4 e6 8.
Nxd4 cxd4 9. Ne2 Nxe4 10. Bxe6 {The following game shows, that black has a way
to get equality after that move, but white doesn't get an advantage also after
10.dxe4.} (10. dxe4 Qxc4 11. Nxd4 e5 12. Nf5 Qxe4 13. Nd6+ Bxd6 14. Qxd6 f6 15.
f4 b5 16. Bd2 Bb7 17. Rf2 Qc6 18. Qxc6 {1/2-1/2 Anand,V-Ivanchuk,V/Moscow 2001/
CBM 86 (18)}) 10... dxe6 11. dxe4 Bd6 $1 $146 {[%mdl 8] An important resource
- black decreases white's development advantage.} (11... e5 12. c3 (12. f4 Bc5
13. Kh1 O-O 14. fxe5 Qxe5 15. Qd3 Re8 16. Ng3 Bd7 $11 {0-1 Schork,S-McShane,L/
Kuppenheim 2003/CBM 94 ext (26)}) 12... dxc3 13. Nxc3 Be6 14. Nd5 $14) 12. h3 (
12. f4 Bc5 (12... O-O $5 13. Nxd4 b5 14. Be3 Bb7 15. e5 Bc5 $44) 13. Nxd4 e5
14. fxe5 Qxe5 15. c3 O-O 16. Qd3 f5 $1 $11) 12... e5 ({Deserves attention} 
12... O-O $5 13. Qxd4 ({after} 13. Nxd4 Rd8 {white cannot keep his extra pawn.}
) 13... Rd8 $1 (13... Qxc2 14. Nc3 $14 {[%csl Rc2]}) 14. Qc3 Qxc3 15. Nxc3 b5
$44 {and black shouldn't face serious problems in this endgame.} (15... Be5 $5)
) 13. c3 Qc6 $2 {Black is trying to improve the placement of his queen with
tempo, but it's not the right moment, as white is ahead in development.} (13...
dxc3 $142 14. Nxc3 Be6 15. Bg5 (15. Nd5 Qc6 16. Be3 Bxd5 17. exd5 Qd7 $11)
15... h6 16. Bh4 O-O 17. Rc1 Rac8 $11) 14. Qd3 $1 {That is the point! The
queen has good perspectives on d3 - first of all, it can prevent the kside
castle.} (14. cxd4 Qxe4 15. dxe5 (15. Re1 O-O 16. dxe5 Bxe5 $11) 15... Bxe5 16.
Ng3 Qd4 17. Qxd4 Bxd4 18. Re1+ Be6 19. Nf5 O-O-O 20. Nxd4 Rxd4 $11) 14... dxc3
15. Nxc3 ({Nothing promised:} 15. Rd1 $6 c2 (15... Be7 16. Nxc3 Be6 17. Nd5 Rd8
18. Be3 Bxd5 19. exd5 Qd7) 16. Rd2 Be7 17. Rxc2 Qg6 18. Nc3 O-O 19. Nd5 Bd8 $11
) 15... Be6 ({Now after} 15... O-O 16. Rd1 Rd8 17. Qg3 $36 {[%cal Gc1h6] black
faces serious problems.}) 16. Rd1 $6 {That natural move allows black to
consolidate his position.} ({White could cause serious problems by the
energetical:} 16. Qg3 $1 O-O-O 17. Be3 Kb8 18. Rac1 $36 {and I don't see any
reasonable continuation for black.}) 16... O-O-O 17. Be3 ({White could also
reach a pleasant advantage in the endgame:} 17. Nd5 $5 Kb8 18. Be3 {[%cal
Ga1c1,Gb2b4,Ga2a4]} Qb5 19. Qxb5 axb5 20. a4 $14) 17... Qc4 18. Nd5 $6 {
A harmless move, which leads to full equality.} (18. Qxc4+ Bxc4 19. Rac1 Bc7 (
19... Kb8 $2 20. Bb6 $1 Rd7 21. Na4 Bb5 $8 22. Rxd6 Bxa4 23. Rxd7 Bxd7 24. Bc7+
Ka8 25. Bxe5 $16) 20. Nd5 Bxd5 21. exd5 Kd7 22. Rc3 $14) ({The strongest was
probably:} 18. Rac1 $142 Qxd3 19. Rxd3 Bc7 ({Badly is:} 19... Kd7 $2 20. Bc5
Ke7 21. Rxd6 Rxd6 22. Rd1 Rhd8 23. f4 f6 24. f5 {and black couldn't avoid a
pin.}) 20. Nd5 Bxd5 21. exd5 Kd7 (21... Kb8 $2 22. Ba7+ Kxa7 23. Rxc7 $16) 22.
a4 $14 {[%csl Rb7][%cal Gd3b3] with a clear advantage in the endgame due to
the weakness of Pb7.}) 18... Qxd3 19. Rxd3 Bxd5 20. Rxd5 ({Now after} 20. exd5
f5 $11 {black has no problems at all.}) 20... Bc7 21. Rad1 Rxd5 22. Rxd5 Rd8
23. Rxd8+ Kxd8 {Now the position is completely equal, so the draw was agreed.}
1/2-1/2

[Event "Leon-B"]
[Site "Leon"]
[Date "1996.??.??"]
[Round "8"]
[White "Romero Holmes, Alfonso"]
[Black "Danailov, Silvio"]
[Result "1-0"]
[WhiteElo "2425"]
[BlackElo "2455"]
[Annotator "Romero Holmes"]
[PlyCount "81"]
[EventDate "1996.06.??"]
[EventType "tourn"]
[EventRounds "9"]
[EventCountry "ESP"]
[EventCategory "9"]
[SourceTitle "CBM 054"]
[Source "ChessBase"]
[SourceDate "1996.10.01"]
[SourceVersion "1"]
[SourceVersionDate "1996.10.01"]
[SourceQuality "1"]

1. e4 c5 2. Nc3 e6 3. f4 d5 4. d3 {Another possibility is to exchange bishops
and only then to put the pawns in  white squares. Maybe sounder positionally
speaking, but alsop freezens black  position.} (4. Bb5+ Bd7 5. Bxd7+ Qxd7 6. d3
Nc6 7. Nf3 dxe4 8. dxe4 Qxd1+ 9. Nxd1 Nf6 10. Nf2 Nb4 11. Kd1 $13) 4... Nc6 5.
Nf3 dxe4 (5... Nf6 6. Bd2 $5 {I remember a fascinating game between Hort and
Wirtensohn with this "strange" idea. This a nice flexible move, instead of the
advance of the e pawn.}) 6. dxe4 Qxd1+ 7. Nxd1 (7. Kxd1) 7... b6 (7... Nf6 8.
Nf2 Nb4 9. Kd1) 8. c3 Bb7 9. Nf2 Nf6 10. Bd3 {Maybe not the best solution, but
white wanted to superprotect his e pawn.} (10. Be3 {/\Nd2}) 10... Be7 11. Be3
O-O $2 {Probably the most decisive mistake. White has the edge due to it's
center and big spatial advantage, and with the black king in this side of the
board white have an easy plan.} (11... O-O-O $14) 12. O-O-O Rfd8 13. g4 $16 Na5
(13... Rd7 $5) 14. Rhf1 $1 {Preventing the tempting sacrifice of the exchange.}
(14. g5 Rxd3 15. Rxd3 Nxe4 {xf5}) 14... Ne8 (14... Rxd3 15. Rxd3 Ba6 16. Kc2
Bxd3+ 17. Kxd3 Rd8+ 18. Kc2 $16) 15. Nd2 (15. g5 Nd6 16. Nd2) 15... Nc7 (15...
h6 $142 $1) 16. g5 Bc6 17. h4 Nb5 $6 {Black has problems to reorganize his
minor piece play. Better was, anyway, 17. ..b5, trying to get counterplay.} (
17... b5 $1) 18. f5 Bf8 (18... exf5 19. exf5 Bf8) 19. f6 $1 Nd6 (19... g6 20.
h5 $18) 20. fxg7 Bxg7 21. Rg1 (21. Ng4 $2 Nf5 $1) 21... Kh8 22. h5 {The knight
on f2 is very useful at the moment, avoiding tactical counterplays.} Be8 23.
Bf4 $1 {xe5} Nc6 24. Ng4 a6 25. Nf3 $1 (25. Bxd6 Rxd6 26. Nc4 Rdd8 27. Nxb6)
25... b5 26. h6 Bf8 27. Nfe5 Ne7 $8 28. Bc2 Nb7 29. Nf6 Ng6 30. Nxg6+ fxg6 31.
Nxe8 $5 (31. Be5 Bc6 $18) 31... Rxe8 32. Rd7 Na5 33. Be5+ Kg8 34. Bf6 Nc6 35.
e5 Ne7 36. Rgd1 c4 37. Be4 Rac8 38. Bb7 Rb8 39. Bxa6 Nd5 40. Bb7 Nb6 41. Rc7
1-0

[Event "EU-ch (Women) 17th"]
[Site "Mamaia"]
[Date "2016.06.07"]
[Round "11"]
[White "Paehtz, Elisabeth"]
[Black "Vega Gutierrez, Sabrina Neide"]
[Result "0-1"]
[WhiteElo "2489"]
[BlackElo "2375"]
[Annotator "Schulz,Andre"]
[PlyCount "126"]
[EventDate "2016.05.27"]
[EventType "swiss"]
[EventRounds "11"]
[EventCountry "ROU"]
[SourceTitle "CBM 172 Extra"]
[Source "ChessBase"]
[SourceDate "2016.06.21"]
[SourceVersion "1"]
[SourceVersionDate "2016.06.21"]
[SourceQuality "1"]

1. e4 c5 2. Nc3 (2. c3 d5 3. exd5 Qxd5 4. d4 e6 5. Nf3 Nf6 6. Na3 Nc6 7. Be3
cxd4 8. Nb5 Qd8 9. Nbxd4 Nd5 10. Nxc6 bxc6 11. Bd4 f6 12. Bc4 Bd6 13. O-O O-O
14. Re1 Qc7 15. Bb3 Rd8 16. Qe2 e5 17. c4 exd4 18. cxd5 c5 19. Rac1 Bg4 20. h3
Bh5 21. g4 Re8 22. Qf1 Rxe1 23. Qxe1 Re8 24. Qf1 Bf7 25. Nxd4 Bh2+ 26. Kg2 Bf4
27. Rc2 Qd6 28. Ne6 Bg6 29. Rxc5 Be4+ 30. f3 Rxe6 31. Rc8+ Kf7 32. dxe6+ {
1-0 (32) Paehtz,E (2452)-Vega Gutierrez,S (2331) Heraklio 2007}) 2... Nc6 3.
Bb5 Nd4 4. Bc4 a6 (4... e6 5. Nge2 Nf6 (5... a6)) 5. d3 e6 6. a4 Nf6 7. Bg5 {
In contrast to the main lines White here waits with the development of the
king's knight.} h6 8. Bh4 Qb6 (8... g5 9. Bg3 d5 10. Ba2 Bg7 11. Nge2 dxe4 12.
dxe4 O-O 13. Be5 Nc6 {1/2-1/2 (13) Cooper,L (2348)-Williams, S (2391) West
Bromwich 2002}) 9. Ra2 (9. Bb3 Nxb3 10. cxb3 d6 $11) 9... d5 10. a5 $6 (10.
Bxf6 dxc4 11. Bh4 cxd3 12. Qxd3 $15) 10... Qc6 11. Bxf6 (11. Bb3 Nxb3 12. cxb3
dxe4 13. Bxf6 gxf6 14. dxe4 (14. Nxe4 $2 f5 $19) 14... Bd7 $15) 11... dxc4 (
11... gxf6 $2 12. exd5 $16) 12. Be5 (12. Bh4 cxd3 13. Qxd3 e5 $17) 12... f6 13.
Bg3 cxd3 14. cxd3 e5 15. Qh5+ Kd8 $17 {[#] White forced Black to give up the
right to castle - which is an achievement. However, the rook on a2 and the
bishop on g3 look awkward and White has a number of weaknesses to cope with.}
16. Nf3 Be6 17. b3 (17. Ra1 $2 Nc2+) (17. Ra4 Bb3 $19) 17... Qd7 (17... c4 $1 {
with the idea} 18. bxc4 Bb4 19. Kd2 Bxc4 20. dxc4 Qxc4 {would have been pretty
ugly for White.}) 18. h3 $2 (18. Nd5) 18... Bxb3 (18... c4 $1) 19. Rb2 Bf7 20.
Qg4 Qc7 ({Stronger than} 20... Qxg4 21. hxg4 {z.B.:} Kc7 22. Nxd4 cxd4 23. Ne2)
21. Nd2 Qxa5 $19 {[#]} 22. Nd5 h5 $2 {Black is two pawns up and controls the
position but now she loses the thread. There was no reason to chase White's
queen away from its bad position. Instead Black should have tried to finish
her development.} (22... Qa3 $1 23. Nc4 Qa1+ 24. Qd1 Qxd1+ 25. Kxd1 Bxd5 26.
exd5 b5 $19) 23. Qd1 Bxd5 24. exd5 Qc3 25. Qb1 b5 26. O-O Ne2+ 27. Kh1 Nxg3+
28. fxg3 Qd4 29. Qa2 Rc8 (29... Qxd3 30. Rf3 Qd4 31. Rxb5 $11 {and White is
back in the game.}) ({or} 29... b4 30. Qa5+ Ke8 31. Qa4+ Kf7 32. Qd7+ {with
counterplay.}) 30. Qa5+ (30. Ra1 $5 Bd6 31. Qxa6 Qxd5 32. Qxb5 Ke7 $11) 30...
Rc7 (30... Kd7 31. Nc4 bxc4 32. Rb7+ {and White mates soon.}) 31. Nc4 $2 ({
The engine proposes} 31. Qxa6 $5 Qxb2 32. Ne4 {The two white pieces in Black's
camp are strong enough to keep the balance, if necessary by ging a perpetual.})
31... Qxd5 (31... bxc4 $2 32. Rb8+ Kd7 33. Qa4+ Kd6 34. Rd8+ Rd7 35. Rxd7#) 32.
Qxa6 Qc6 (32... bxc4 33. dxc4 (33. Rb8+ Ke7 34. dxc4 Qd3 $19) 33... Qd7 34.
Rxf6 gxf6 35. Qxf6+ Ke8 36. Qxe5+ Kd8 37. Qf6+ Qe7 38. Rb8+ Rc8 39. Qb6+ Qc7
40. Qf6+ Be7 41. Qxh8+ Kd7 42. Rxc8 Qxc8 43. Qxh5 $15) 33. Qxb5 (33. Qxc6 Rxc6
34. Rxb5 $11) 33... Qxb5 34. Rxb5 h4 $6 (34... Rd7 35. Rb8+ Ke7 36. Nb2 Kf7 37.
Rc1 Rg8 $17) 35. g4 $11 {Now the worst is over for White.} Rd7 36. g5 Rxd3 37.
gxf6 gxf6 38. Rxf6 e4 39. Rf7 {Threatening mate.} Ke8 40. Ra7 (40. Rf4 Rd4 41.
Rb8+ $11) 40... Rd1+ 41. Kh2 Rh6 {The threat of ...Re6 and the advance of the
e-pawn bring White in trouble again.} 42. Rb8+ Rd8 43. Rxd8+ Kxd8 44. Rf7 Ke8
45. Rf4 Re6 46. Rf2 Bh6 47. g3 (47. g4 Kd7 48. Kg2 Kc6 $19) 47... Kd7 48. Kg2
Kc6 49. Rf5 hxg3 50. Kxg3 e3 51. Re5 Rxe5 52. Nxe5+ Kd5 53. Nd3 c4 54. Ne1 Ke4
55. h4 Bg7 56. h5 Bc3 57. Nf3 Kd3 58. h6 Bh8 59. Kg2 c3 60. Kf1 Bf6 61. h7 Bh8
62. Ng1 c2 63. Ne2 Kd2 0-1

[Event "Amsterdam Batavia Grolsch 6th"]
[Site "Amsterdam"]
[Date "2014.03.02"]
[Round "9"]
[White "Williams, Simon Kim"]
[Black "L'Ami, Alina"]
[Result "1/2-1/2"]
[WhiteElo "2449"]
[BlackElo "2398"]
[Annotator "Schulz,Andre"]
[PlyCount "78"]
[EventDate "2014.02.21"]
[EventType "tourn"]
[EventRounds "9"]
[EventCountry "NED"]
[EventCategory "8"]
[SourceTitle "CBM 159 Extra"]
[Source "ChessBase"]
[SourceDate "2014.04.24"]
[SourceVersion "1"]
[SourceVersionDate "2014.04.24"]
[SourceQuality "1"]
[WhiteClock "0:06:00"]
[BlackClock "0:06:27"]

1. e4 c5 2. Nc3 d6 3. f4 g6 4. Nf3 Bg7 5. Bb5+ Bd7 6. Bc4 Nc6 7. O-O Na5 8. Be2
Nf6 9. d3 O-O 10. Qe1 Nc6 11. Bd1 Rc8 12. Kh1 Nd4 13. h3 e6 14. Nxd4 cxd4 15.
Ne2 e5 16. c4 dxc3 17. Nxc3 Bc6 18. f5 d5 19. fxg6 fxg6 20. Bg5 d4 21. Bb3+ Kh8
22. Ne2 h6 23. Qh4 Kh7 24. Rf3 Qd6 25. Raf1 Nh5 26. Be7 Rxf3 27. Rxf3 Qc7 28.
Bb4 Bb5 29. a4 Ba6 30. Be6 Ra8 31. Rf7 Qc2 32. Ng3 Nf4 33. Rxg7+ Kxg7 34. Nf5+
$2 (34. Bf8+ Rxf8 (34... Kxf8 35. Qf6+ Ke8 36. Qf7+ Kd8 37. Qd7#) 35. Qe7+ Kh8
36. Qxf8+ Kh7 37. Qg8#) 34... gxf5 35. Qe7+ Kh8 36. Qf6+ Kh7 37. Qxf5+ Ng6 38.
Qf7+ Kh8 39. Kh2 Qc1 1/2-1/2

[Event "Cappelle op 20th"]
[Site "Cappelle la Grande"]
[Date "2004.03.04"]
[Round "7"]
[White "Seret, Jean Luc"]
[Black "Jaracz, Pawel"]
[Result "1-0"]
[WhiteElo "2315"]
[BlackElo "2540"]
[Annotator "Seret,JL"]
[PlyCount "62"]
[EventDate "2004.02.28"]
[EventType "swiss"]
[EventRounds "9"]
[EventCountry "FRA"]
[SourceTitle "EXT 2021"]
[Source "ChessBase"]
[SourceDate "2020.10.23"]
[SourceVersion "1"]
[SourceVersionDate "2020.10.23"]
[SourceQuality "1"]

1. e4 c5 2. Nc3 e6 (2... Nc6 3. Bb5 Na5 {Le GMI va reprendre cette idée dans
cette partie} 4. f4 a6 5. Be2 e6 6. Nf3) 3. f4 Nc6 4. Nf3 Nge7 5. Bb5 Na5 $5
$146 (5... Nd4 6. Nxd4 cxd4 7. Ne2 Qb6 8. Ba4 Nc6 9. d3 Bb4+ 10. c3 dxc3 11.
bxc3 Be7 12. d4 O-O 13. O-O d6 14. Kh1 Qd8 15. Bc2 b6 16. Qd3 e5 17. Ba3 a5 18.
Ba4 Nb4 19. Qd2 Ba6 20. Bb3 Nc6 21. Rf2 Rc8 22. Ng3 exd4 23. cxd4 Nb4 24. Nf5
Bh4 25. Rf3 Bb7 26. d5 Bf6 27. Re1 Re8 28. Ba4 Rf8 29. Bb2 b5 30. Bb3 a4 31.
Bd1 Rc4 32. a3 Na6 33. Rg3 g6 34. e5 dxe5 35. fxe5 {Minasian,A (2545)-Avrukh,B
(2550) Yerevan 1997 1-0}) 6. O-O a6 7. Be2 d5 8. d4 cxd4 9. Qxd4 $32 {[%csl
Re8]} Nac6 10. Qf2 dxe4 11. Nxe4 Qc7 12. b4 $5 Ng6 (12... Nxb4 13. Bb2 $44 {
[%csl Gb2,Re8,Rg7]}) 13. a3 Be7 (13... Nxf4 14. Bc4 $44) 14. Bb2 O-O (14...
Nxf4 15. Nfg5 $44) (14... Qxf4 15. Bd3 $44) 15. g3 a5 16. b5 Nb8 17. h4 Qxc2 $2
18. Qd4 f6 19. Bd1 Qc7 20. Bb3 a4 21. Ba2 Rd8 22. Rac1 Qd7 23. Qb6 (23. Qxd7
Nxd7 24. Bxe6+ Kh8 25. Rfd1 Ngf8 26. Bf5 $16) 23... Nf8 24. Nd4 Kh8 25. Nc5 (
25. h5 $1 $16) 25... Bxc5 (25... Qd6 26. Qxd6 Bxd6 (26... Rxd6 27. Ne4 Rd8 28.
Rc7) 27. Ne4 Be7 28. Rc7 $16) (25... Qe8 $1 26. Nxb7 Nbd7 $13) 26. Qxc5 Qe8 (
26... Qf7 27. Qxc8 $18) 27. Rfe1 Nbd7 $2 (27... Qg6 28. Kh2 $16) 28. Qc7 $18 b6
29. Bxe6 (29. Nc6 $18) 29... Qg6 30. f5 Qg4 31. Bd5 Qxg3+ $4 (31... Ne5 32.
Bxa8 Rxd4 33. Bxd4 Qxd4+ 34. Kh1 Bxf5 35. Rxe5 fxe5 36. Qf7 Be4+ 37. Bxe4 Qxe4+
38. Kh2 Qe2+ 39. Kh3 $18) 1-0